Morálka, etika a aplikovaná etika

Pojem etika a jeho používanie. Etika v spoločnosti. Vzťah medzi všeobecnou a aplikovanou etikou.

Gespeichert in:
Bibliographische Detailangaben
1. Verfasser: Smreková, Dagmar
Format: Buchkapitel
Sprache:Slowakisch
Schlagworte:
Tags: Tag hinzufügen
Keine Tags, Fügen Sie das erste Tag hinzu!

MARC

LEADER 00000naa a2200000 4500
001 r026314
005 20230925102204.6
041 0 |a slo 
044 |a SK 
245 1 0 |a Morálka, etika a aplikovaná etika  |c Dagmar Smreková 
520 |a Pojem etika a jeho používanie. Etika v spoločnosti. Vzťah medzi všeobecnou a aplikovanou etikou. 
610 2 0 |a morálka 
610 2 0 |a etika 
610 2 0 |a terminológia 
610 2 0 |a zákony 
610 2 0 |a normy 
610 2 0 |a skupiny sociálne 
610 2 0 |a filozofia 
610 2 0 |a vedy aplikované 
610 2 0 |a pojmy 
100 1 |a Smreková, Dagmar